| 000 | 01020cam a22002771i 4500 | ||
|---|---|---|---|
| 003 | SA-RiAUC | ||
| 005 | 20251228074752.0 | ||
| 008 | 251201s2004____mk g b 000 0 ara c | ||
| 040 |
_aOM-MuSQU _bara _cSA-RiAUC _erda |
||
| 050 | 1 | 4 | _b. J35 2004 |
| 082 | 0 | 4 | _a213 |
| 090 |
_a213 _bج ا م |
||
| 100 | 1 |
_aالجامعية، ميمونة بنت حميد بن عبد الله _eمؤلف. |
|
| 245 | 1 | 0 |
_aعبرات في محراب التوبة / _cإعداد ميمونة بنت حميد الجامعية. |
| 264 | 1 |
_aمسقط : _bمكتبة الجيل الواعد، _c2004 |
|
| 300 |
_a365 صفحة ؛ _c24 سم |
||
| 336 |
_aنص _btxt _2rdacontent _3كتاب |
||
| 337 |
_aبدون وسيط _bn _2rdamedia |
||
| 338 |
_aمجلد _bnc _2rdacarrier |
||
| 504 | _aببليوجرافية : صفحة 345-358. | ||
| 590 | _aمحمد. | ||
| 650 | 7 |
_aالتوبة (إسلام) _2aucsh |
|
| 650 | 7 |
_aالوعظ والإرشاد _2aucsh |
|
| 942 |
_2ddc _cBOOK _n0 |
||
| 949 |
_aSA-JeALM _d251201 _umohamedma123 _n1 |
||
| 999 |
_c13737 _d13737 |
||